| 000 | 01085nam a2200217Ia 4500 | ||
|---|---|---|---|
| 999 |
_c53124 _d53124 |
||
| 001 | 20163 | ||
| 003 | GE_BSU | ||
| 005 | 20250519160648.0 | ||
| 008 | 181216s1986||||ge |||||||||||||| ||geo|| | ||
| 040 | _cGE_BSU | ||
| 041 | _ageo | ||
| 080 | _a821.134.2-31 ს-42 | ||
| 100 |
_aსერვანტესი საავედრა, მიგელ დე _925069 |
||
| 245 |
_aმახვილგონიერი იდალგო დონ კიხოტი ლამანჩელი : წ. 2 / _cმიგელ დე სერვანტესი საავედრა ; თარგმნ. ნ. ავალიშვილისა ; რედაქცია, წინასიტყვაობა და შენიშვნები ნ. აგიაშვილისა. |
||
| 264 |
_aთბილისი : _bნაკადული, _c1986. |
||
| 300 |
_a587გვ. ; _c22 სმ. |
||
| 541 | _h7ლ. | ||
| 653 | _aესპანური მხატვრული ლიტერატურა | ||
| 653 | _aრომანი | ||
| 942 |
_cBK _2udc |
||